000 00447nam a2200169Ia 4500
003 GCL
008 140319s9999 xx 000 0 ara d
040 _aGCL /
_cGCL
082 0 4 _aط
_b813.0872
_bم س
100 1 _aمحمد على قطب
245 1 0 _aسر اختفاء الجثة /
_cمحمد على قطب
490 _aكتاب
_v0
650 0 4 _aالاطفال
650 0 4 _aالقصص
650 0 4 _aقصص الاطفال
942 _2ddc
_cBK
999 _c42748
_d42748